Statistiques concernant Pays les plus proches de la Bulgarie - Sprint d'une minute

Cliquez ici pour prendre le quiz!

Statistiques générales

  • Ce quiz a été pris 92 fois
  • Le résultat moyen est 14 sur 20

Statistiques - réponses

kmpays% Correct
0Roumanie
88%
0Grèce
86%
0Serbie
85%
0Macédoine du Nord
83%
315Croatie
81%
0Turquie
79%
148Ukraine
78%
258Hongrie
77%
0Kosovo
76%
221Bosnie-Herzégovine
73%
175Monténégro
73%
148Albanie
72%
358Russie
69%
497Slovaquie
68%
535Slovénie
68%
164Moldavie
67%
533Pologne
62%
570Autriche
55%
640Tchèquie
55%
400Italie
53%

Distribution des résultats

Percentile par nombre de réponses

% des personnes avec chaque résultat

Votre développement - résultats

Vous n’avez pas pris ce quiz